000 00866nam a2200229Ii 4500
003 JO-AjNU
008 230605s9999||||xx |||||||||||||| ||und||
017 _a2002/2358
020 _a977-245-186-7
040 _aJO-AjNU
_bara
_erda
_cJO-AjNU
041 _aara
050 1 4 _aDT83.A4422 2002
100 3 _aالسيد، رمضان عبده علي,
_eauthor
_916396
245 0 0 _aموسوعة الحضارة المصرية القديمة وأهم مظاهرها منذ أقدم العصور حتى نهاية عصور الأسرات الوطنية، الجزء الأول
250 _aط1
264 3 1 _aالقاهرة: دار نهضة الشرق، 2002
300 _aج1، 555ص
336 _atext
_btxt
_2rdacontent
337 _aunmediated
_bn
_2rdamedia
338 _avolume
_bnc
_2rdacarrier
650 4 _aمصر-الحضارة القديمة-تاريخ
_916397
999 _aA4848
_c8416
_d8416